书目信息 |
| 题名: |
图书馆特色资源建设研究
|
|
| 作者: | 孙振强 , 刘慧 著 | |
| 分册: | ||
| 出版信息: | 北京 北京工业大学出版社 2022.07 |
|
| 页数: | 179页 | |
| 开本: | 24cm | |
| 丛书名: | ||
| 单 册: | ||
| 中图分类: | G253.5 | |
| 科图分类: | ||
| 主题词: | 文献资源--图书馆管理--研究 | |
| 电子资源: | ||
| ISBN: | 978-7-5639-7937-0 | |
| 000 | 00923nam0 2200241 450 | |
| 001 | 012001003216 | |
| 005 | 20141204135037.0 | |
| 010 | @a978-7-5639-7937-0@dCNY60.00 | |
| 100 | @a20220905d2021 em y0chiy0110 ea | |
| 101 | 0 | @achi |
| 102 | @aCN@b110000 | |
| 105 | @ay z 000yy | |
| 106 | @ar | |
| 200 | 1 | @a图书馆特色资源建设研究@Atu shu guan te se zi yuan jian she yan jiu@f孙振强,刘慧著 |
| 210 | @a北京@c北京工业大学出版社@d2022.07 | |
| 215 | @a179页@d24cm | |
| 330 | @a本书内容包括:绪论、图书馆文献资源建设与共建共享、全媒体环境下的图书馆资源建设、高校图书馆资源建设、公共图书馆资源建设、数字图书馆资源建设、图书馆特色资源建设、图书馆特色资源建设成功案例、图书馆特色资源发展展望。 | |
| 606 | 0 | @a文献资源@x图书馆管理@x研究 |
| 690 | @aG253.5@v5 | |
| 701 | 0 | @a孙振强@Asun zhen qiang@f(1978-)@4著 |
| 701 | 0 | @a刘慧@Aliu hui@f(1982.12-)@4著 |
| 801 | 0 | @aCN@bAHXH@c20221111 |
| 905 | @b1377420-2@dG253.5@e175@f3 | |
| 图书馆特色资源建设研究/孙振强,刘慧著.-北京:北京工业大学出版社,2022.07 |
| 179页;24cm |
| ISBN 978-7-5639-7937-0:CNY60.00 |
| 本书内容包括:绪论、图书馆文献资源建设与共建共享、全媒体环境下的图书馆资源建设、高校图书馆资源建设、公共图书馆资源建设、数字图书馆资源建设、图书馆特色资源建设、图书馆特色资源建设成功案例、图书馆特色资源发展展望。 |
| ● |
| 相关链接 |
|
|
|
|
正题名:图书馆特色资源建设研究
索取号:G253.5/175
 
预约/预借
| 序号 | 登录号 | 条形码 | 馆藏地/架位号 | 状态 | 备注 |
| 1 | 1377420 | 213774209 | 第一样本阅览室/ [索取号:G253.5/175] | 在馆 | |
| 2 | 1377421 | 213774218 | 第四借阅区/ [索取号:G253.5/175] | 在馆 | |
| 3 | 1377422 | 213774227 | 第四借阅区/ [索取号:G253.5/175] | 在馆 |